League of Youth a Doll`s House (Record no. 13436)
[ view plain ]
| 000 -LEADER | |
|---|---|
| fixed length control field | 00590nam a2200229 a 4500 |
| 020 ## - INTERNATIONAL STANDARD BOOK NUMBER | |
| ISBN | 9780140441468 |
| 082 00 - DEWEY DECIMAL CLASSIFICATION NUMBER | |
| Classification number | 820 |
| Author Cutter | IBS |
| 100 ## - MAIN ENTRY--AUTHOR NAME | |
| Author name | Ibsen, Henrik |
| 245 ## - TITLE STATEMENT | |
| Title | League of Youth a Doll`s House |
| Sub title | The Lady from the Sea |
| 260 ## - PUBLICATION, DISTRIBUTION, ETC. (IMPRINT) | |
| Place of publication | New Delhi |
| Name of publisher | Penguin Books |
| Year of publication | 1965 |
| 300 ## - PHYSICAL DESCRIPTION | |
| Number of Pages | 335p |
| 500 ## - GENERAL NOTE | |
| General note | includes index and biblioraphy |
| 650 ## - SUBJECT ADDED ENTRY--TOPICAL TERM | |
| Topical Term | English-Literature |
| 942 ## - ADDED ENTRY ELEMENTS (KOHA) | |
| Koha item type | Books |
| 700 1# - | |
| -- | Ibsen, Henrik |
| Collection code | Home library | Current library | Date acquired | Cost, normal purchase price | Full call number | Accession Number | Koha item type |
|---|---|---|---|---|---|---|---|
| Henry Martyn Institute Library | Henry Martyn Institute Library | 10/03/2013 | 299.00 | 820 IBS | 024126 | Books |
